Every finnish first round pick - Statistics

General Stats
  • This quiz has been taken 5 times
  • The average score is 22 of 50
Answer Stats
Hint Answer % Correct
2017 #3 DAL Miro Heiskanen
100%
2016 #2 WIN Patrik Laine
100%
2013 #2 FLO Alexander Barkov
75%
2016 #5 EDM Jesse Puljujärvi
75%
2022 #17 NSH Joakim Kemell
75%
2019 #2 NYR Kaapo Kakko
75%
2002 #2 ATL Kari Lehtonen
75%
2024 #14 BUF Konsta Helenius
75%
2001 #6 MIN MIkko Koivu
75%
2015 #10 COL Mikko Rantanen
75%
2013 #8 BUF Rasmus Ristolainen
75%
2006 #15 TBL Riku Helenius
75%
1993 #21 MTL Saku Koivu
75%
1988 #10 WIN Teemu Selänne
75%
2005 #21 TOR Tuukka Rask
75%
2020 #12 FLA Anton Lundell
50%
2022 #30 WIN Brad Lambert
50%
2024 #29 DAL Emil Hemming
50%
2017 #29 CHI Henri Jokiharju
50%
2017 #16 CGY Juuso Välimäki
50%
2014 #22 PIT Kasperi Kapanen
50%
2010 #9 MIN Mikael Granlund
50%
2012 #22 PIT Olli Määttä
50%
2012 #18 CHI Teuvo Teräväinen
50%
2017 #18 BOS Urho Vaakanainen
50%
1995 #3 LAK Aki Berg
25%
1999 #27 NJD Ari Ahonen
25%
2017 #30 NSH Eeli Tolvanen
25%
2002 #29 BOS Hannu Toivonen
25%
2016 #23 FLO Henrik Borgström
25%
2018 #3 MTL Jesperi Kotkaniemi
25%
2011 #16 BOS Joel Armia
25%
2002 #4 PHI Joni Pitkänen
25%
2014 #14 DAL Julius Honka
25%
2017 #24 WIN Kristian Vesalainen
25%
2019 #10 OTT Lassi Thomson
25%
2004 #19 NYR Lauri Korpikoski
25%
2004 #11 LAK Lauri Tukonen
25%
1995 #23 WSH Miika Elomo
25%
1997 #21 BUF Mika Noronen
25%
2016 #8 VAN Olli Juolevi
25%
2004 #16 NYI Petteri Nokelainen
25%
2018 #20 LAK Rasmus Kupari
25%
2002 #22NYI Sean Bergenheim
25%
1995 #12 SAN Teemu Riihijärvi
25%
2001 #9 CHI Tuomo Ruutu
25%
2019 #20 WIN Ville Heinola
25%
1999 #3 EDM Jani Rita
0%
2002 #15 EDM Jesse Niinimäki
0%
1997 #3 LAK Olli Jokinen
0%
No matching quizzes found
Score Distribution
Percent of People with Each Score
Percentile by Number Answered
Your Score History
You have not taken this quiz